|
|
|
|
| LEADER |
01803nam a2200409 i 4500 |
| 001 |
EBC5380296 |
| 003 |
MiAaPQ |
| 005 |
20200520144314.0 |
| 006 |
m o d | |
| 007 |
cr cnu|||||||| |
| 008 |
180601s2018 gw o 000 0 ger d |
| 020 |
|
|
|z 9783737605021
|
| 020 |
|
|
|a 9783737605038 (e-book)
|
| 035 |
|
|
|a (MiAaPQ)EBC5380296
|
| 035 |
|
|
|a (Au-PeEL)EBL5380296
|
| 035 |
|
|
|a (CaPaEBR)ebr11555279
|
| 035 |
|
|
|a (OCoLC)1035516312
|
| 040 |
|
|
|a MiAaPQ
|b eng
|e rda
|e pn
|c MiAaPQ
|d MiAaPQ
|
| 043 |
|
|
|a e-gx---
|a e-ur---
|
| 050 |
|
4 |
|a DD120.R8
|b .G679 2018
|
| 082 |
0 |
|
|a 303.48243047
|2 23
|
| 100 |
1 |
|
|a Gorzka, Gabriele,
|e author.
|
| 245 |
1 |
0 |
|a Zwischen Annaherung und Distanz :
|b 30 Jahre Deutsch-Russische Kulturbeziehungen (1988 - 2018) am regionalen Beispiel Kassel /
|c Gabriele Gorzka.
|
| 264 |
|
1 |
|a Kassel :
|b Kassel University Press,
|c 2018.
|
| 300 |
|
|
|a 1 online resource (115 pages).
|
| 336 |
|
|
|a text
|b txt
|2 rdacontent
|
| 337 |
|
|
|a computer
|b c
|2 rdamedia
|
| 338 |
|
|
|a online resource
|b cr
|2 rdacarrier
|
| 490 |
1 |
|
|a Ost-West-Dialog ;
|v 16
|
| 588 |
|
|
|a Description based on print version record.
|
| 590 |
|
|
|a Electronic reproduction. Ann Arbor, MI : ProQuest, 2018. Available via World Wide Web. Access may be limited to ProQuest affiliated libraries.
|
| 651 |
|
0 |
|a Germany
|x Relations
|z Soviet Union.
|
| 655 |
|
4 |
|a Electronic books.
|
| 776 |
0 |
8 |
|i Print version:
|a Gorzka, Gabriele.
|t Zwischen Annaherung und Distanz : 30 Jahre Deutsch-Russische Kulturbeziehungen (1988 - 2018) am regionalen Beispiel Kassel.
|d Kassel : Kassel University Press, 2018
|h 115 pages
|k Reihe Ost West Dialog ; 16.
|z 9783737605021
|
| 797 |
2 |
|
|a ProQuest (Firm)
|
| 830 |
|
0 |
|a Reihe Ost West Dialog ;
|v 16.
|
| 856 |
4 |
0 |
|u https://ebookcentral.proquest.com/lib/matrademy/detail.action?docID=5380296
|z Click to View
|